Music Quiz

Random Music or Album Quiz

Classic Rock Combo Lock Quiz Stats

 Plays Quiz Updated Feb 20, 2020

Support Sporcle.
Go Orange.
Score 0/99 Timer 14:00
1 Play Today
Combo # &Track Name Answer % Correct
01 - Back in the USSRThe Beatles (white album) (01-50-98)
83.5%
50 - Ob-La-Di Ob-La-DaThe Beatles (white album) (01-50-98)
83.5%
98 - While My Guitar Gently WeepsThe Beatles (white album) (01-50-98)
83.5%
03 - Break On Through (To the Other Side)The Doors (03-44-90)
67.4%
44 - Light My FireThe Doors (03-44-90)
67.4%
90 - The EndThe Doors (03-44-90)
67.4%
33 - We Will Rock YouNews of the World (33-64-70)
59.8%
64 - We Are The ChampionsNews of the World (33-64-70)
59.8%
70 - Get Down, Make LoveNews of the World (33-64-70)
59.8%
07 - Enter SandmanMetallica (the black album) (07-61-83)
55.9%
61 - The UnforgivenMetallica (the black album) (07-61-83)
55.9%
83 - Nothing Else MattersMetallica (the black album) (07-61-83)
55.9%
17 - Love in an ElevatorPump (17-41-97)
53.4%
41 - Janie's Got a GunPump (17-41-97)
53.4%
97 - What It TakesPump (17-41-97)
53.4%
04 - Crosstown TrafficElectric Ladyland (04-62-67)
52.4%
62 - Voodoo ChileElectric Ladyland (04-62-67)
52.4%
67 - All Along the WatchtowerElectric Ladyland (04-62-67)
52.4%
09 - Every Breath You TakeSynchronicity (09-42-99)
50.6%
42 - King of PainSynchronicity (09-42-99)
50.6%
99 - Wrapped Around Your FingerSynchronicity (09-42-99)
50.6%
52 - Over the Hills and Far AwayHouses of the Holy (31-52-69)
50.4%
31 - The Song Remains the SameHouses of the Holy (31-52-69)
50.4%
69 - D'yer Mak'erHouses of the Holy (31-52-69)
50.4%
06 - Down on the CornerWilly & the Poor Boys (06-38-79)
50.1%
38 - Fortunate SonWilly & the Poor Boys (06-38-79)
50.1%
79 - Midnight SpecialWilly & the Poor Boys (06-38-79)
50.1%
28 - Take It EasyEagles (28-66-84)
49.5%
66 - Witchy WomanEagles (28-66-84)
49.5%
84 - Peaceful Easy FeelingEagles (28-66-84)
49.5%
29 - The Great Gig in the SkyDark Side of the Moon (29-47-93)
48%
47 - MoneyDark Side of the Moon (29-47-93)
48%
93 - Us and ThemDark Side of the Moon (29-47-93)
48%
Combo # &Track Name Answer % Correct
23 - Runnin' With the DevilVan Halen (23-37-72)
47.8%
37 - Eruption/You Really Got MeVan Halen (23-37-72)
47.8%
72 - Jamie's Cryin'Van Halen (23-37-72)
47.8%
12 - Honky CatHonky Château (12-55-80)
42%
55 - Rocket Man (I Think It's Going To Be a Long, Long Time)Honky Château (12-55-80)
42%
80 - Mona Lisas and Mad HattersHonky Château (12-55-80)
42%
21 - RhiannonFleetwood Mac (21-56-75)
40.8%
56 - Say You Love MeFleetwood Mac (21-56-75)
40.8%
75 - LandslideFleetwood Mac (21-56-75)
40.8%
10 - Good Times RollThe Cars (10-49-74)
40.1%
49 - My Best Friend's GirlThe Cars (10-49-74)
40.1%
74 - Just What I NeededThe Cars (10-49-74)
40.1%
18 - Miss YouSome Girls (18-34-87)
39.9%
34 - Beast of BurdenSome Girls (18-34-87)
39.9%
87 - ShatteredSome Girls (18-34-87)
39.9%
25 - So Far AwayBrothers in Arms (25-48-94)
39.7%
48 - Money for NothingBrothers in Arms (25-48-94)
39.7%
94 - Walk of LifeBrothers in Arms (25-48-94)
39.7%
11 - Hollywood NightsStranger in Town (11-51-96)
38.6%
51 - Old Time Rock and RollStranger in Town (11-51-96)
38.6%
96 - We've Got TonightStranger in Town (11-51-96)
38.6%
30 - The Logical SongBreakfast in America (30-39-89)
37%
39 - Goodbye StrangerBreakfast in America (30-39-89)
37%
89 - Take the Long Way HomeBreakfast in America (30-39-89)
37%
32 - Tom SawyerMoving Pictures (32-54-76)
36.8%
54 - Red BarchettaMoving Pictures (32-54-76)
36.8%
76 - LimelightMoving Pictures (32-54-76)
36.8%
14 - Jet AirlinerBook of Dreams (14-59-73)
34.9%
59 - SwingtownBook of Dreams (14-59-73)
34.9%
73 - Jungle LoveBook of Dreams (14-59-73)
34.9%
15 - Juke Box HeroForeigner 4 (15-63-92)
34.8%
63 - Waiting For a Girl Like YouForeigner 4 (15-63-92)
34.8%
92 - UrgentForeigner 4 (15-63-92)
34.8%
Combo # &Track Name Answer % Correct
26 - StarmanZiggy Stardust (26-57-86)
33.8%
57 - Suffragette CityZiggy Stardust (26-57-86)
33.8%
86 - Rock'n'Roll SuicideZiggy Stardust (26-57-86)
33.8%
08 - Even Better Than the Real ThingAchtung Baby (08-65-81)
33%
65 - Who's Gonna Ride Your Wild HorsesAchtung Baby (08-65-81)
33%
81 - Mysterious WaysAchtung Baby (08-65-81)
33%
05 - Cry BabyPearl (05-46-78)
29.6%
46 - Me and Bobby McGeePearl (05-46-78)
29.6%
78 - Mercedes BenzPearl (05-46-78)
29.6%
22 - Run To YouReckless (22-58-71)
29%
58 - Summer of '69Reckless (22-58-71)
29%
71 - It's Only LoveReckless (22-58-71)
29%
24 - SledgehammerSo (24-36-68)
28.5%
36 - Don't Give UpSo (24-36-68)
28.5%
68 - Big TimeSo (24-36-68)
28.5%
19 - Pinball WizardTommy (19-40-95)
27.1%
40 - I'm FreeTommy (19-40-95)
27.1%
95 - We're Not Gonna Take ItTommy (19-40-95)
27.1%
16 - Long Train Runnin'The Captain and Me (16-35-88)
24%
35 - China GroveThe Captain and Me (16-35-88)
24%
88 - South City Midnight LadyThe Captain and Me (16-35-88)
24%
02 - BadlandsDarkness on the Edge of Town (02-53-85)
23.4%
85 - Prove It All NightDarkness on the Edge of Town (02-53-85)
23.4%
53 - Racing in the StreetDarkness on the Edge of Town (02-53-85)
23.4%
20 - Rag Mama RagThe Band (20-60-91)
22.6%
27 - Suite: Judy Blue EyesCrosby, Stills & Nash (27-45-77)
22.6%
45 - Marrakesh ExpressCrosby, Stills & Nash (27-45-77)
22.6%
60 - The Night They Drove Old Dixie DownThe Band (20-60-91)
22.6%
77 - Long Time GoneCrosby, Stills & Nash (27-45-77)
22.6%
91 - Up On Cripple CreekThe Band (20-60-91)
22.6%
13 - JetBand on the Run (13-43-82)
18%
43 - Let Me Roll ItBand on the Run (13-43-82)
18%
82 - Nineteen Hundred and Eighty-FiveBand on the Run (13-43-82)
18%

You're not logged in!

Compare scores with friends on all Sporcle quizzes.
OR
Log In

From the Vault

Big 4 Sports Teams by Letter Blitz

by El_Dandy

123 answers in 90 seconds will be a lot easier than it sounds, trust us.
Remove Ads.
Support Sporcle.
Get the best of Sporcle when you Go Orange. This ad-free experience offers more features, more stats, and more fun while also helping to support Sporcle. Thank you for becoming a member.

Show Comments

Extras

Top Quizzes Today


Score Distribution

Your Account Isn't Verified!

In order to create a playlist on Sporcle, you need to verify the email address you used during registration. Go to your Sporcle Settings to finish the process.

Report this User

Report this user for behavior that violates our Community Guidelines.

Details: